[Event "FRA-ch Accession"]
[Site "Agen"]
[Date "2017.08.19"]
[Round "3"]
[White "Lallement, Victor"]
[Black "Devallee, Jeremie"]
[Result "1/2-1/2"]
[WhiteElo "2200"]
[BlackElo "2258"]
[PlyCount "114"]
[EventDate "2017.08.19"]
[EventType "swiss"]
[EventRounds "9"]
[EventCountry "FRA"]
[SourceTitle "EXT 2019"]
[Source "ChessBase"]
[SourceDate "2018.10.10"]
[SourceVersion "1"]
[SourceVersionDate "2018.10.10"]
[SourceQuality "1"]

1. d4 Nf6 2. c4 c5 3. d5 b5 4. Qc2 Na6 5. a3 Nc7 6. e4 bxc4 7. Bxc4 e6 8. Nc3 exd5 9. exd5 d6 10. Nge2 Be7 11. b4 0-0 12. 0-0 Rb8 13. Rb1 Ba6 14. b5 Bb7 15. Rd1 Re8 16. Ng3 g6 17. h3 Nd7 18. Bf4 f5 19. Na4 Na8 20. Ba2 Nab6 21. Nxb6 axb6 22. Rb3 Bf8 23. Bb1 Qf6 24. Bc1 Qf7 25. Re3 Rxe3 26. fxe3 Bg7 27. Rf1 Be5 28. Ne2 Bxd5 29. Nc3 Bc4 30. Rf2 Nf6 31. Bb2 d5 32. Nxd5 Bxb2 33. Qxc4 Qxd5 34. Qxd5+ Nxd5 35. Ba2 Bxa3 36. Bxd5+ Kg7 37. e4 Bc1 38. Ra2 Be3+ 39. Kf1 Kf6 40. Ke2 Bg5 41. exf5 Kxf5 42. Ra8 Rxa8 43. Bxa8 c4 44. Bd5 c3 45. Kd3 Bf6 46. Bc6 Ke6 47. Bf3 Kd6 48. Kc2 Kc5 49. Bc6 Kd4 50. Be8 Ke3 51. Bc6 Kf2 52. Bd5 g5 53. Bc6 h5 54. Bb7 Kg3 55. Bc6 g4 56. hxg4 h4 57. g5 Bxg5 1/2-1/2

[Event "FRA-ch Accession"]
[Site "Agen"]
[Date "2017.08.19"]
[Round "2"]
[White "Pucher, Sebastien"]
[Black "Lallement, Victor"]
[Result "1-0"]
[WhiteElo "2360"]
[BlackElo "2200"]
[PlyCount "69"]
[EventDate "2017.08.19"]
[EventType "swiss"]
[EventRounds "9"]
[EventCountry "FRA"]
[SourceTitle "EXT 2019"]
[Source "ChessBase"]
[SourceDate "2018.10.10"]
[SourceVersion "1"]
[SourceVersionDate "2018.10.10"]
[SourceQuality "1"]

1. Nf3 d5 2. c4 e6 3. b3 Nf6 4. g3 b6 5. Bg2 Bb7 6. 0-0 Be7 7. Bb2 0-0 8. e3 c5 9. Nc3 Nc6 10. cxd5 exd5 11. d4 Ne4 12. dxc5 Bf6 13. Qc1 Nxc5 14. Rd1 Nb4 15. Qb1 Qc8 16. Nb5 Bxb2 17. Qxb2 Ba6 18. Nfd4 Qd7 19. Nc3 Bb7 20. a3 Nba6 21. Nde2 Nc7 22. Nf4 Rfd8 23. Ncxd5 Nxd5 24. Nxd5 Kf8 25. Qc2 Qg4 26. b4 Ne6 27. Qxh7 Bxd5 28. Rxd5 Ke7 29. Qe4 Qe2 30. Rc1 Rac8 31. Qb1 Rxd5 32. Bxd5 Ng5 33. Rxc8 Nh3+ 34. Kg2 Qxf2+ 35. Kxh3 1-0

[Event "FRA-chT1 0910"]
[Site "France"]
[Date "2009.10.17"]
[Round "2.6"]
[White "Manoeuvre, Antoine"]
[Black "Lallement, Victor"]
[Result "1/2-1/2"]
[WhiteElo "2213"]
[BlackElo "2108"]
[PlyCount "135"]
[EventDate "2009.09.27"]
[EventType "team-tourn"]
[EventRounds "11"]
[EventCountry "FRA"]
[SourceTitle "EXT 2011"]
[Source "ChessBase"]
[SourceDate "2010.11.26"]
[SourceVersion "1"]
[SourceVersionDate "2010.11.26"]
[SourceQuality "1"]

1. d4 Nf6 2. c4 c5 3. d5 b5 4. cxb5 a6 5. Nc3 axb5 6. e4 b4 7. Nb5 d6 8. Bf4 Nbd7 9. Nf3 Ba6 10. e5 Qb8 11. exd6 Bxb5 12. dxe7 Qxf4 13. exf8Q+ Kxf8 14. Bxb5 Qe4+ 15. Kf1 Ne5 16. Nxe5 Qxe5 17. Bc6 Rd8 18. Qc2 Nxd5 19. Rd1 Rd6 20. Re1 Qxe1+ 21. Kxe1 Rxc6 22. f3 g6 23. Kf2 Kg7 24. Rd1 Nf6 25. Qc4 h5 26. h3 Re8 27. g4 hxg4 28. hxg4 Re7 29. a3 bxa3 30. bxa3 Nd7 31. Rh1 f6 32. Qf4 g5 33. Qh2 Nf8 34. Qh8+ Kf7 35. Rb1 Rec7 36. Rd1 Rc8 37. Re1 Re6 38. Rb1 c4 39. Rb7+ Re7 40. Rxe7+ Kxe7 41. Qg7+ Ke6 42. Qb7 Rd8 43. Qc6+ Ke7 44. Qxc4 Ne6 45. Qb4+ Kd7 46. a4 Rc8 47. a5 Rc6 48. Qb5 Nc7 49. Qf5+ Re6 50. Qh7+ Kd8 51. Qg8+ Kd7 52. Qf7+ Kd8 53. Kg3 Kc8 54. Qf8+ Kb7 55. Qb4+ Ka7 56. Qc5+ Kb7 57. Qf5 Rc6 58. Qe4 Na6 59. Qb1+ Ka7 60. Qh7+ Nc7 61. Qd7 Kb7 62. Kf2 Re6 63. Qa4 Kc8 64. Qb4 Kd8 65. Qb7 Kd7 66. Qb1 Kc8 67. Qf5 Kb7 68. Qb1+ 1/2-1/2

[Event "FRA-ch op-A"]
[Site "Nimes"]
[Date "2009.08.19"]
[Round "8"]
[White "Delay, Guillaume"]
[Black "Lallement, Victor"]
[Result "1/2-1/2"]
[WhiteElo "1994"]
[BlackElo "2106"]
[PlyCount "105"]
[EventDate "2009.08.11"]
[EventType "swiss"]
[EventRounds "11"]
[EventCountry "FRA"]
[SourceTitle "CBM 132 Extra"]
[Source "ChessBase"]
[SourceDate "2009.11.03"]
[SourceVersion "1"]
[SourceVersionDate "2009.11.03"]
[SourceQuality "1"]

1. e4 c5 2. Nf3 d6 3. d4 cxd4 4. Nxd4 Nf6 5. Nc3 a6 6. g3 e5 7. Nb3 b5 8. a4 b4 9. Nd5 Bb7 10. Nxf6+ gxf6 11. Bg2 f5 12. Qd3 Qc7 13. 0-0 fxe4 14. Bxe4 Bxe4 15. Qxe4 Qc6 16. Qxb4 Nd7 17. Na5 Qxc2 18. Qb7 Qc8 19. Rd1 Be7 20. Be3 Nf6 21. Qf3 d5 22. Rac1 Qe6 23. Rc6 e4 24. Qf4 Qg4 25. Qxg4 Nxg4 26. Rxd5 Nxe3 27. fxe3 0-0 28. Rc4 f5 29. g4 Bg5 30. gxf5 Bxe3+ 31. Kf1 Rae8 32. Rc6 Bf4 33. Nc4 Rc8 34. Rdc5 Rxc6 35. Rxc6 Rxf5 36. Rxa6 Bxh2+ 37. Ke2 Rc5 38. b3 h5 39. Re6 Kf7 40. Rxe4 Bg3 41. b4 Rc8 42. b5 Re8 43. Rxe8 Kxe8 44. a5 Kd7 45. a6 Bb8 46. b6 Kc6 47. Kf3 Bh2 48. a7 Kb7 49. Kg2 Bf4 50. Kf3 Bh2 51. Kf2 h4 52. Ne3 Bd6 53. Nd5 1/2-1/2

[Event "FRA-chT2 South 0809"]
[Site "France"]
[Date "2009.04.05"]
[Round "11.4"]
[White "Camel, Lorenzo"]
[Black "Lallement, Victor"]
[Result "1/2-1/2"]
[WhiteElo "2093"]
[BlackElo "2095"]
[PlyCount "97"]
[EventDate "2008.10.12"]
[EventType "team-tourn"]
[EventRounds "11"]
[EventCountry "FRA"]
[SourceTitle "EXT 2010"]
[Source "ChessBase"]
[SourceDate "2010.11.25"]
[SourceVersion "1"]
[SourceVersionDate "2010.11.25"]
[SourceQuality "1"]
[WhiteTeam "Ramonville"]
[BlackTeam "Hyeres II"]
[WhiteTeamCountry "FRA"]
[BlackTeamCountry "FRA"]

1. Nc3 d5 2. e4 Nf6 3. e5 d4 4. Nce2 Ng4 5. f4 c5 6. Nf3 Nc6 7. h3 Nh6 8. g4 b5 9. Ng3 Rb8 10. Qe2 Nb4 11. d3 Qa5 12. Kf2 Qa4 13. b3 Qa6 14. Bg2 e6 15. Rf1 c4 16. Ne4 Qb6 17. Kg3 Bb7 18. bxc4 bxc4 19. Rb1 cxd3 20. cxd3 Ba6 21. Ne1 Qd8 22. Ba3 Nd5 23. Rxb8 Qxb8 24. Nd6+ Bxd6 25. Bxd6 Qb5 26. Qc2 Nc3 27. Qb3 Kd7 28. Qa3 Nb1 29. Qc5 Qb6 30. Qxb6 axb6 31. Nc2 Nc3 32. Nxd4 Rc8 33. Rf2 Bxd3 34. Rb2 b5 35. Rd2 Bc4 36. Nb3 Bd5 37. Nc5+ Ke8 38. a3 Ng8 39. Nb7 Bxg2 40. Kxg2 Nd5 41. Bb4 Rb8 42. Nd6+ Kf8 43. Nxb5+ Nxb4 44. axb4 Rxb5 45. Rd8+ Ke7 46. Rxg8 g6 47. Rh8 Rxb4 48. Kg3 Rb3+ 49. Kg2 1/2-1/2

[Event "Hyeres"]
[Site "Hyeres"]
[Date "2009.03.02"]
[Round "5"]
[White "Lallement, Victor"]
[Black "Demuth, Adrien"]
[Result "0-1"]
[WhiteElo "2095"]
[BlackElo "2331"]
[PlyCount "68"]
[EventDate "2009.02.28"]
[EventType "tourn"]
[EventRounds "7"]
[EventCountry "FRA"]
[SourceTitle "EXT 2010"]
[Source "ChessBase"]
[SourceDate "2010.11.25"]
[SourceVersion "1"]
[SourceVersionDate "2010.11.25"]
[SourceQuality "1"]

1. e4 c5 2. Nf3 Nc6 3. d4 cxd4 4. Nxd4 Nf6 5. Nc3 d6 6. Bc4 e6 7. Bg5 Be7 8. Nxc6 bxc6 9. Qf3 d5 10. exd5 cxd5 11. Bb5+ Bd7 12. 0-0 0-0 13. Bxd7 Qxd7 14. Rfd1 Rab8 15. b3 Rfc8 16. Rd3 Rc6 17. Be3 Qc7 18. Bf4 Bd6 19. Bxd6 Qxd6 20. Rc1 Qb4 21. Ne2 Rxc2 22. Rc3 Rxc1+ 23. Rxc1 h6 24. Qe3 a5 25. Nd4 Qd6 26. Qc3 e5 27. Nc6 Re8 28. Qxa5 d4 29. Qb4 Qd7 30. Qd2 d3 31. f3 e4 32. Nb4 Qd4+ 33. Kf1 e3 34. Qxd3 e2+ 0-1

[Event "Hyeres"]
[Site "Hyeres"]
[Date "2009.03.01"]
[Round "2"]
[White "Villegas, Pierre"]
[Black "Lallement, Victor"]
[Result "1-0"]
[WhiteElo "2146"]
[BlackElo "2095"]
[PlyCount "49"]
[EventDate "2009.02.28"]
[EventType "tourn"]
[EventRounds "7"]
[EventCountry "FRA"]
[SourceTitle "EXT 2010"]
[Source "ChessBase"]
[SourceDate "2010.11.25"]
[SourceVersion "1"]
[SourceVersionDate "2010.11.25"]
[SourceQuality "1"]

1. d4 Nf6 2. c4 c5 3. d5 b5 4. Qc2 e6 5. e4 bxc4 6. Bxc4 Bb7 7. Nc3 Na6 8. a3 Nc7 9. Qd3 exd5 10. exd5 d6 11. Nf3 Be7 12. 0-0 0-0 13. b4 Nd7 14. Be3 Nb6 15. Rfd1 cxb4 16. axb4 Bf6 17. Bd4 Ne8 18. Bb3 Bxd4 19. Nxd4 a6 20. Nc6 Qd7 21. Na5 Nf6 22. Qd4 Nc8 23. Ba4 Qc7 24. Nxb7 Ne7 25. Na5 1-0

[Event "FRA-ch op-A"]
[Site "Pau"]
[Date "2008.08.14"]
[Round "3"]
[White "Jouneau, Quentin"]
[Black "Lallement, Victor"]
[Result "0-1"]
[WhiteElo "1978"]
[BlackElo "2097"]
[PlyCount "73"]
[EventDate "2008.08.11"]
[EventType "swiss"]
[EventRounds "9"]
[EventCountry "FRA"]
[SourceTitle "CBM 126 Extra"]
[Source "ChessBase"]
[SourceDate "2008.11.05"]
[SourceVersion "1"]
[SourceVersionDate "2008.11.05"]
[SourceQuality "1"]

1. e4 c5 2. Nf3 d6 3. d4 cxd4 4. Nxd4 Nf6 5. Nc3 a6 6. g3 e5 7. Nde2 Nbd7 8. Bg2 b5 9. Nd5 Bb7 10. Nec3 Rc8 11. Be3 Nxd5 12. Nxd5 Bxd5 13. exd5 Be7 14. f4 0-0 15. 0-0 exf4 16. Bxf4 Nb6 17. Qd3 Bf6 18. c3 Nc4 19. Rab1 Bg5 20. b3 Bxf4 21. gxf4 Qb6+ 22. Kh1 Ne3 23. Rf3 Ng4 24. Rbf1 Rce8 25. Rh3 f5 26. Qg3 Re3 27. Bf3 Rfe8 28. Qh4 Nf6 29. Rg1 R3e7 30. Bh5 Rf8 31. Bg6 hxg6 32. Rxg6 Re2 33. Qh8+ Kf7 34. Qxg7+ Ke8 35. Rh8 Re1+ 36. Kg2 Qg1+ 37. Kh3 0-1

[Event "FRA-chT2 South 0708"]
[Site "France"]
[Date "2008.03.16"]
[Round "9.7"]
[White "Lallement, Victor"]
[Black "Laurain, Dominique"]
[Result "1-0"]
[WhiteElo "2083"]
[BlackElo "2035"]
[PlyCount "129"]
[EventDate "2007.10.21"]
[EventType "team"]
[EventRounds "11"]
[EventCountry "FRA"]
[SourceTitle "EXT 2009"]
[Source "ChessBase"]
[SourceDate "2008.11.26"]
[SourceVersion "1"]
[SourceVersionDate "2008.11.26"]
[SourceQuality "1"]
[WhiteTeam "L'Isle sur la Sorgue"]
[BlackTeam "Tournefeuille"]
[WhiteTeamCountry "FRA"]
[BlackTeamCountry "FRA"]

1. e4 e6 2. d3 d5 3. Nd2 Nf6 4. Ngf3 c5 5. g3 b6 6. Bg2 Bb7 7. e5 Nfd7 8. 0-0 Qc7 9. Re1 Nc6 10. Qe2 Be7 11. c3 g5 12. g4 h5 13. h3 hxg4 14. hxg4 0-0-0 15. Nf1 Rdg8 16. Ng3 Kb8 17. Bd2 Qd8 18. a3 Qf8 19. b4 Qh6 20. d4 c4 21. a4 Qg6 22. Nh2 Rh4 23. Nh5 Rh8 24. Bf3 Bd8 25. Nf1 Bc7 26. Qd1 Nd8 27. Qc1 f5 28. exf6 Nxf6 29. Qd1 Nxh5 30. gxh5 Qf5 31. Bg2 g4 32. Qb1 Qxh5 33. Ng3 Bxg3 34. fxg3 Rh1+ 35. Kf2 Rh2 36. Bf4+ Ka8 37. Rh1 Qf7 38. Rxh2 Rxh2 39. Qg1 Qh7 40. Qxh2 Qxh2 41. Rh1 Qxh1 42. Bxh1 Bc6 43. b5 Be8 44. Ke3 Bg6 45. Bc7 Nf7 46. Kf4 Bc2 47. Kxg4 Bxa4 48. Kh5 Kb7 49. Bf4 Bxb5 50. Kg6 Nd8 51. Kf6 Ba4 52. g4 Bc2 53. g5 a5 54. Bf3 b5 55. Bd6 Kc6 56. Ba3 Kd7 57. Bg4 Bd3 58. g6 Be4 59. g7 Bh7 60. Be7 a4 61. Bc5 Bg8 62. Bh5 Kc6 63. Be8+ Kc7 64. Bxb5 Nb7 65. Bb4 1-0

[Event "FRA-ch U16"]
[Site "Le Grand Bornand"]
[Date "2007.04.14"]
[Round "8"]
[White "Massoni, Michael"]
[Black "Lallement, Victor"]
[Result "1/2-1/2"]
[WhiteElo "2077"]
[BlackElo "2005"]
[PlyCount "101"]
[EventDate "2007.04.07"]
[EventType "swiss"]
[EventRounds "9"]
[EventCountry "FRA"]
[SourceTitle "CBM 118 Extra"]
[Source "ChessBase"]
[SourceDate "2007.07.04"]
[SourceVersion "1"]
[SourceVersionDate "2007.07.04"]
[SourceQuality "1"]

1. e4 c5 2. Nc3 a6 3. f4 b5 4. Nf3 Bb7 5. d4 cxd4 6. Nxd4 e6 7. Bd3 Nf6 8. e5 Nd5 9. Ne4 Nc6 10. Nf3 f5 11. exf6 Nxf6 12. 0-0 Qb6+ 13. Kh1 Nb4 14. Nxf6+ gxf6 15. c3 Nxd3 16. Qxd3 Bc5 17. b4 Qd6 18. Qe2 Bb6 19. Be3 Bxe3 20. Qxe3 Bxf3 21. Qxf3 Rc8 22. Rad1 Qc6 23. Qd3 Rg8 24. Rf3 Rg7 25. Rg3 Kf8 26. Qd4 Rf7 27. Qd6+ Qxd6 28. Rxd6 Rc6 29. Rgd3 Ke8 30. h3 e5 31. fxe5 fxe5 32. Kg1 Rf6 33. Rxd7 Rxc3 34. Rd8+ Ke7 35. Rxc3 Kxd8 36. Rc5 Re6 37. Kf2 Kd7 38. g4 Kd6 39. Kf3 Rf6+ 40. Ke3 Rf4 41. Rc8 Rxb4 42. Rh8 Ra4 43. Rxh7 Ke6 44. Rh6+ Kf7 45. Rb6 Rxa2 46. g5 Ra3+ 47. Ke4 Rxh3 48. Rxa6 Rg3 49. Kxe5 Rxg5+ 50. Kd4 Rg4+ 51. Kc5 1/2-1/2

[Event "FRA-chT2 South 0607"]
[Site "France"]
[Date "2007.04.01"]
[Round "11.6"]
[White "Lallement, Victor"]
[Black "Heinis, Vincent"]
[Result "1/2-1/2"]
[WhiteElo "1965"]
[BlackElo "2156"]
[PlyCount "102"]
[EventDate "2006.10.15"]
[EventType "team"]
[EventRounds "11"]
[EventCountry "FRA"]
[SourceTitle "EXT 2008"]
[Source "ChessBase"]
[SourceDate "2007.11.25"]
[SourceVersion "1"]
[SourceVersionDate "2007.11.25"]
[SourceQuality "1"]
[WhiteTeam "L'Isle sur la Sorgue"]
[BlackTeam "Toulouse"]
[WhiteTeamCountry "FRA"]
[BlackTeamCountry "FRA"]

1. e4 c6 2. Nc3 d5 3. Nf3 dxe4 4. Nxe4 Nf6 5. Nxf6+ exf6 6. Bc4 Bd6 7. Qe2+ Be7 8. 0-0 0-0 9. d4 Bg4 10. c3 Bd6 11. Re1 Nd7 12. Qe4 f5 13. Qd3 b5 14. Bb3 Nc5 15. Qe3 f4 16. Qe2 Nxb3 17. axb3 Qc7 18. Bd2 f6 19. Qd3 Qf7 20. c4 Be6 21. Qe4 Bd7 22. d5 Rfe8 23. Qd4 Rxe1+ 24. Rxe1 c5 25. Qd3 b4 26. Qb1 g5 27. Bc1 Qh5 28. Qd3 g4 29. Nd2 f3 30. g3 Bf5 31. Qf1 Re8 32. h4 Qg6 33. Kh2 h5 34. Kg1 Kg7 35. Kh2 Be5 36. Qg1 Bd4 37. Rxe8 Qxe8 38. Nf1 Qe2 39. Ne3 Bd3 40. d6 Kf7 41. d7 Ke7 42. Nd5+ Kxd7 43. Be3 Bxe3 44. Nxe3 Qxb2 45. Nd5 a5 46. Nf4 Be2 47. Qe1 a4 48. bxa4 Bxc4 49. Qe4 Qxf2+ 50. Kh1 Qf1+ 51. Kh2 Qf2+ 1/2-1/2